<?xml version="1.0" encoding="UTF-8"?>
<marc:record xmlns:marc="http://www.loc.gov/MARC21/slim">
   <marc:leader>00000nam a2200000 a 4500</marc:leader>
   <marc:datafield ind1="1" ind2=" " tag="100">
      <marc:subfield code="a">Modick, Klaus</marc:subfield>
      <marc:subfield code="4">aut</marc:subfield>
      <marc:subfield code="e">Verfasser/-in</marc:subfield>
   </marc:datafield>
   <marc:datafield ind1=" " ind2=" " tag="653">
      <marc:subfield code="a">Vogeler, Heinrich</marc:subfield>
   </marc:datafield>
   <marc:datafield ind1=" " ind2=" " tag="653">
      <marc:subfield code="a">Rilke, Rainer Maria</marc:subfield>
   </marc:datafield>
   <marc:datafield ind1=" " ind2=" " tag="653">
      <marc:subfield code="a">Belletristische Darstellung</marc:subfield>
   </marc:datafield>
   <marc:datafield ind1=" " ind2=" " tag="653">
      <marc:subfield code="a">Erzählende Literatur: Gegenwartsliteratur ab 1945</marc:subfield>
   </marc:datafield>
   <marc:datafield ind1="0" ind2="0" tag="245">
      <marc:subfield code="a">Konzert ohne Dichter</marc:subfield>
   </marc:datafield>
   <marc:datafield ind1="0" ind2="0" tag="245">
      <marc:subfield code="b">Roman</marc:subfield>
   </marc:datafield>
   <marc:datafield ind1="0" ind2="0" tag="245">
      <marc:subfield code="c">Modick, Klaus</marc:subfield>
   </marc:datafield>
   <marc:datafield ind1=" " ind2="1" tag="264">
      <marc:subfield code="a">Köln</marc:subfield>
      <marc:subfield code="b">Kiepenheuer &amp; Witsch</marc:subfield>
      <marc:subfield code="c">2015</marc:subfield>
   </marc:datafield>
   <marc:datafield ind1=" " ind2=" " tag="250">
      <marc:subfield code="a">1. Aufl.</marc:subfield>
   </marc:datafield>
   <marc:datafield ind1="1" ind2=" " tag="520">
      <marc:subfield code="a">Angaben aus der Verlagsmeldung &#xD;
&#xD;
 &#xD;
&#xD;
  Konzert ohne Dichter : Roman / von Klaus Modick &#xD;
&#xD;
 &#xD;
Heinrich Vogeler, gefeierter Märchenprinz des Jugendstils, ist auf der Höhe seines Erfolgs. Im Juni 1905 wird ihm die Goldene Medaille für Kunst und Wissenschaft verliehen - besonders für das nach fünfjähriger Arbeit fertiggestellte Gemälde »Das Konzert oder Sommerabend auf dem Barkenhoff«. Während es in der Öffentlichkeit als Meisterwerk gefeiert wird, ist es für Vogeler das Resultat dreifachen Scheiterns: In seiner Ehe kriselt es, sein künstlerisches Selbstbewusstsein wankt, und eine fragile Freundschaft zerbricht. Rainer Maria Rilke, der literarische Stern am Himmel der Worpsweder Künstlerkolonie, und sein »Seelenverwandter« Vogeler haben sich entfremdet - und »Das Konzert« bringt das auf subtile Weise zum Ausdruck: Rilke fehlt. Sein Platz zwischen den Frauen, die er liebt, bleibt demonstrativ leer. &#xD;
Was Vogeler und Rilke zueinanderführte und später trennte, welchen Anteil die Frauen daran hatten, die Kunst, das Geld und die Macht der Mäzene, davon erzählt Klaus Modick auf kunstvolle Weise: Auf der Reise zur Preisverleihung erinnert Vogeler sich an die Euphorie des gemeinsamen Aufbruchs - und an Paula Modersohn-Becker und Clara Rilke-Westhoff, die Frauen, denen Rilke in einer skandalösen Dreiecksbeziehung verbunden war. Ein groß-artiger Künstlerroman, einfühlsam, kenntnisreich, atmosphärisch und klug.</marc:subfield>
   </marc:datafield>
   <marc:datafield ind1=" " ind2=" " tag="041">
      <marc:subfield code="a">ger</marc:subfield>
   </marc:datafield>
   <marc:datafield ind1=" " ind2=" " tag="338">
      <marc:subfield code="a">Band</marc:subfield>
   </marc:datafield>
   <marc:datafield ind1=" " ind2=" " tag="300">
      <marc:subfield code="a">228 S.</marc:subfield>
   </marc:datafield>
</marc:record>
